Μετάβαση στο περιεχόμενο

Управление проектами учебное пособие

Учебное пособие содержит материал по курсу «Управление проектами» для студентов, обучающихся по программе высшего образования по направлению подготовки 38.03.02 Менеджмент, профиль «Производственный менеджмент», «Антикризисное управление». В пособии рассмотрены практические вопросы управления проект...

Πλήρης περιγραφή

Αποθηκεύτηκε σε:
Λεπτομέρειες βιβλιογραφικής εγγραφής
Μορφή: Книга
Θέματα:
Διαθέσιμο Online:Перейти к просмотру издания
Ετικέτες: Προσθήκη ετικέτας
Δεν υπάρχουν, Καταχωρήστε ετικέτα πρώτοι!
LEADER 03475nam0a2200433 4500
001 RU/IPR SMART/61421
856 4 |u https://www.iprbookshop.ru/61421.html  |z Перейти к просмотру издания 
801 1 |a RU  |b IPR SMART  |c 20250903  |g RCR 
010 |a 978-5-7410-1400-4 
205 |a Управление проектами  |b Весь срок охраны авторского права 
333 |a Весь срок охраны авторского права 
100 |a 20250903d2016 k y0rusy01020304ca 
105 |a y j 000zy 
101 0 |a rus 
102 |a RU 
200 1 |a Управление проектами  |e учебное пособие  |f Е. И. Куценко, Д. Ю. Вискова, И. Н. Корабейников [и др.] 
701 1 |a Куценко,   |b Е. И.  |4 070 
701 1 |a Вискова,   |b Д. Ю.  |4 070 
701 1 |a Корабейников,   |b И. Н.  |4 070 
701 1 |a Лучко,   |b Н. В.  |4 070 
701 1 |a Солдаткина,   |b О. В.  |4 070 
701 1 |a Рябикова,   |b Н. Е.  |4 070 
330 |a Учебное пособие содержит материал по курсу «Управление проектами» для студентов, обучающихся по программе высшего образования по направлению подготовки 38.03.02 Менеджмент, профиль «Производственный менеджмент», «Антикризисное управление». В пособии рассмотрены практические вопросы управления проектами в организации; представлена тематика курсовых работ; контрольные вопросы для самостоятельной оценки качества освоения дисциплины; тематика докладов и рефератов; предлагаются тестовые задания для самопроверки знаний, задачи, кейсы для обсуждения, деловые игры, кроссворды по разделам курса. Материалы учебного пособия систематизированы в соответствии с разделами дисциплины «Управление проектами» по ФГОС ВО направления подготовки 38.03.02 Менеджмент, могут быть использованы преподавателями и студентами экономических специальностей при подготовке к занятиям. 
210 |a Оренбург  |c Оренбургский государственный университет, ЭБС АСВ  |d 2016 
610 1 |a управление проектом 
610 1 |a тип проекта 
610 1 |a стратегия проекта 
610 1 |a теория управления 
610 1 |a прединвестиционное исследование 
610 1 |a проектный анализ 
675 |a 005.8 
686 |a 65.291  |2 rubbk 
300 |a Книга находится в премиум-версии IPR SMART. 
106 |a s 
230 |a Электрон. дан. (1 файл) 
336 |a Текст 
337 |a электронный 
503 0 |a Доступна эл. версия. IPR SMART 
215 |a 269 с.